[Event "51st National Challengers (National â€˜Bâ€™) Chess Cha"]
[Site "Bhopal, Madhya Pradesh-India"]
[Date "2013.10.18"]
[Round "9"]
[Board "12"]
[White "Prasenjit, Datta"]
[Black "Swapnil, S. Dhopade"]
[Result "0-1"]
[WhiteElo "2253"]
[BlackElo "2471"]
[PlyCount "156"]
[EventDate "2013.10.12"]
[EventRounds "13"]
[EventCountry "IND"]

1. e4 c6 2. b3 d5 3. Bb2 dxe4 4. Nc3 Nf6 5. Nge2 Bf5 6. Ng3 Bg6 7. Qe2 e6 8.
Ngxe4 Nbd7 9. g3 Qa5 10. Bg2 Ba3 11. Bxa3 Qxa3 12. O-O O-O 13. h4 a5 14. d3
Rfe8 15. Rad1 h6 16. Rfe1 Nd5 17. Nb1 Qe7 18. c4 N5f6 19. Nbc3 Bxe4 20. dxe4 e5
21. Na4 Nc5 22. Nxc5 Qxc5 23. Qe3 Qxe3 24. Rxe3 Red8 25. Red3 Rxd3 26. Rxd3 Kf8
27. f3 Ke7 28. Bh3 b6 29. Kf2 Ra7 30. Ke3 Ne8 31. f4 f6 32. Rc3 Nc7 33. a3 Na6
34. Bf5 Nc5 35. b4 axb4 36. axb4 Nb7 37. Bg4 Ra4 38. Rb3 Nd6 39. Be2 Ne8 40. b5
c5 41. f5 Nd6 42. Rc3 Ra8 43. Kf3 Ra2 44. Bf1 h5 45. Bd3 Kf7 46. Bc2 Kf8 47.
Ke3 Ra1 48. Bd3 Re1+ 49. Kf3 Ra1 50. Ke3 Ke7 51. Be2 Rg1 52. Bxh5 Rxg3+ 53. Bf3
Rh3 54. h5 Nf7 55. Kf2 Ng5 56. Kg2 Kf7 57. Ra3 Kg8 58. Ra8+ Kh7 59. Be2 Re3 60.
Bf1 Nxe4 61. Rb8 Nd2 62. Rxb6 Nxf1 63. Kxf1 Re4 64. Rb8 Rxc4 65. b6 Rb4 66. b7
Rb2 67. Ke1 c4 68. Kd1 c3 69. Kc1 e4 70. h6 gxh6 71. Rf8 Rxb7 72. Rxf6 Re7 73.
Rc6 e3 74. Kd1 e2+ 75. Ke1 Re3 76. Rc7+ Kg8 77. f6 h5 78. Rg7+ Kf8 0-1

[Event "51st National Challengers (National â€˜Bâ€™) Chess Cha"]
[Site "Bhopal, Madhya Pradesh-India"]
[Date "2013.10.18"]
[Round "9"]
[Board "13"]
[White "Prince, Bajaj"]
[Black "Shyam, Nikil P."]
[Result "1/2-1/2"]
[WhiteElo "2230"]
[BlackElo "2412"]
[PlyCount "86"]
[EventDate "2013.10.12"]
[EventRounds "13"]
[EventCountry "IND"]

1. e4 c5 2. Nf3 d6 3. d4 cxd4 4. Nxd4 Nf6 5. Nc3 a6 6. Bc4 e6 7. Bb3 Nbd7 8. f4
Nc5 9. e5 Nfd7 10. exd6 Nf6 11. Be3 Bxd6 12. Qf3 Nxb3 13. axb3 Bb4 14. O-O-O
Qc7 15. Nde2 Bd7 16. Bd4 O-O-O 17. Qf2 Bc6 18. h3 Nd7 19. Ng3 Bd6 20. Rhf1 f6
21. Nce4 Be7 22. Rfe1 Rhe8 23. Kb1 g6 24. Bc3 h6 25. Nd2 Bc5 26. Qf1 b5 27. b4
Bd6 28. Ne2 g5 29. Nd4 Bd5 30. f5 e5 31. Ne6 Bxe6 32. fxe6 Rxe6 33. Qf5 Nf8 34.
Ne4 Qe7 35. Rd5 Bxb4 36. Rxd8+ Kxd8 37. Rd1+ Kc8 38. Bxb4 Qxb4 39. Rd6 Qe1+ 40.
Ka2 Qa5+ 41. Kb1 Qe1+ 42. Ka2 Qa5+ 43. Kb1 Qe1+ 1/2-1/2

[Event "51st National Challengers (National â€˜Bâ€™) Chess Cha"]
[Site "Bhopal, Madhya Pradesh-India"]
[Date "2013.10.18"]
[Round "9"]
[Board "14"]
[White "Sharma, Dinesh K."]
[Black "Roy, Prantik"]
[Result "1/2-1/2"]
[WhiteElo "2390"]
[BlackElo "2238"]
[PlyCount "25"]
[EventDate "2013.10.12"]
[EventRounds "13"]
[EventCountry "IND"]

1. e4 c6 2. d4 d5 3. e5 Bf5 4. h4 Qb6 5. Ne2 e6 6. c3 Nd7 7. Nd2 h6 8. Ng3 Bh7
9. Nf3 Ne7 10. Bd3 Bxd3 11. Qxd3 c5 12. O-O Nc6 13. Rb1 1/2-1/2

[Event "51st National Challengers (National â€˜Bâ€™) Chess Cha"]
[Site "Bhopal, Madhya Pradesh-India"]
[Date "2013.10.18"]
[Round "9"]
[Board "15"]
[White "Sagar, Shah"]
[Black "Navalgund, Niranjan"]
[Result "1-0"]
[WhiteElo "2373"]
[BlackElo "2230"]
[PlyCount "71"]
[EventDate "2013.10.12"]
[EventRounds "13"]
[EventCountry "IND"]

1. d4 Nf6 2. c4 g6 3. g3 Bg7 4. Bg2 O-O 5. Nf3 d6 6. O-O c6 7. Nc3 Bf5 8. b3
Ne4 9. Nxe4 Bxe4 10. Bb2 d5 11. Qd2 Nd7 12. Rac1 a5 13. cxd5 cxd5 14. Ne5 Bxg2
15. Kxg2 a4 16. Qb4 axb3 17. axb3 Nxe5 18. dxe5 Ra2 19. Rb1 f6 20. e6 Ra6 21.
Qxb7 Rxe6 22. Qb5 Rb6 23. Qd3 e5 24. Ba3 Rf7 25. Bc5 Rb8 26. b4 Rd7 27. Rfc1
Kh8 28. b5 f5 29. b6 e4 30. Qa6 Rbb7 31. e3 h5 32. Bd6 f4 33. Bxf4 g5 34. Rc7
gxf4 35. Qxb7 f3+ 36. Kh1 1-0

[Event "51st National Challengers (National â€˜Bâ€™) Chess Cha"]
[Site "Bhopal, Madhya Pradesh-India"]
[Date "2013.10.18"]
[Round "9"]
[Board "16"]
[White "Nitin, S."]
[Black "K., Praneeth Surya"]
[Result "0-1"]
[WhiteElo "2364"]
[BlackElo "2210"]
[PlyCount "112"]
[EventDate "2013.10.12"]
[EventRounds "13"]
[EventCountry "IND"]

1. e4 c5 2. Nf3 d6 3. d4 cxd4 4. Qxd4 Nc6 5. Bb5 Bd7 6. Bxc6 Bxc6 7. Nc3 e5 8.
Qd3 h6 9. Be3 Nf6 10. O-O-O Be7 11. Nh4 g6 12. Kb1 Qd7 13. g3 b5 14. Nd5 Bxd5
15. exd5 Ng4 16. Ng2 O-O 17. h3 Nxe3 18. Nxe3 Bg5 19. Ng2 f5 20. h4 Bf6 21. Qd2
Bg7 22. h5 g5 23. f4 Bf6 24. Ne3 exf4 25. gxf4 g4 26. Qd3 Bg7 27. c3 Rae8 28.
Nc2 Re4 29. Rhe1 Rfe8 30. Rxe4 Rxe4 31. Nb4 Qe8 32. Nc6 Rxf4 33. Nxa7 Qe4 34.
Qxe4 Rxe4 35. Nxb5 Be5 36. Kc2 g3 37. Nd4 Bxd4 38. cxd4 f4 39. Kd3 Re3+ 40. Kd2
Re7 41. Rg1 Kg7 42. Re1 Rxe1 43. Kxe1 Kf6 44. b4 Kg5 45. b5 Kh4 46. b6 g2 47.
Kf2 Kh3 48. b7 Kh2 49. b8=Q g1=Q+ 50. Ke2 Qe3+ 51. Kf1 Qf3+ 52. Ke1 Qg3+ 53.
Kd2 f3 54. Qb1 Qg5+ 55. Kc3 Qe3+ 56. Kc4 Qe2+ 0-1

[Event "51st National Challengers (National â€˜Bâ€™) Chess Cha"]
[Site "Bhopal, Madhya Pradesh-India"]
[Date "2013.10.18"]
[Round "9"]
[Board "17"]
[White "Navin, Kanna T.U."]
[Black "Krishna Teja, N"]
[Result "1/2-1/2"]
[WhiteElo "2358"]
[BlackElo "2185"]
[PlyCount "46"]
[EventDate "2013.10.12"]
[EventRounds "13"]
[EventCountry "IND"]

1. d4 Nf6 2. Nf3 e6 3. g3 b5 4. Bg2 Bb7 5. O-O c5 6. c3 Be7 7. Bf4 cxd4 8. cxd4
O-O 9. a3 d5 10. Nc3 a6 11. Ne5 Nc6 12. Nxc6 Bxc6 13. Qd3 Qb6 14. Rfc1 a5 15.
a4 bxa4 16. Nxa4 Bxa4 17. Rxa4 Rac8 18. Rc2 Rxc2 19. Qxc2 Bb4 20. Bd2 Bxd2 21.
Qxd2 Qb5 22. Ra1 g6 23. e3 Rb8 1/2-1/2

[Event "51st National Challengers (National â€˜Bâ€™) Chess Cha"]
[Site "Bhopal, Madhya Pradesh-India"]
[Date "2013.10.18"]
[Round "9"]
[Board "18"]
[White "Patil, Pratik"]
[Black "Murali Krishnan, B.T."]
[Result "1/2-1/2"]
[WhiteElo "2237"]
[BlackElo "2306"]
[PlyCount "39"]
[EventDate "2013.10.12"]
[EventRounds "13"]
[EventCountry "IND"]

1. e4 e6 2. d4 d5 3. Nd2 dxe4 4. Nxe4 Bd7 5. Nf3 Bc6 6. Bd3 Nd7 7. O-O Ngf6 8.
Qe2 Be7 9. c4 O-O 10. b3 Nxe4 11. Bxe4 Bxe4 12. Qxe4 c6 13. Bb2 Nf6 14. Qe3 Qa5
15. Ne5 Rad8 16. Bc3 Qc7 17. Rad1 Rfe8 18. Rfe1 Bd6 19. h3 Nd7 20. Nxd7 1/2-1/2

[Event "51st National Challengers (National â€˜Bâ€™) Chess Cha"]
[Site "Bhopal, Madhya Pradesh-India"]
[Date "2013.10.18"]
[Round "9"]
[Board "20"]
[White "Deshpande, Aniruddha"]
[Black "Shantharam, K.V."]
[Result "1/2-1/2"]
[WhiteElo "2270"]
[BlackElo "2167"]
[PlyCount "98"]
[EventDate "2013.10.12"]
[EventRounds "13"]
[EventCountry "IND"]

1. d4 d5 2. Nf3 e6 3. g3 c5 4. Bg2 Nf6 5. O-O Be7 6. c4 Nc6 7. Nc3 O-O 8. cxd5
exd5 9. dxc5 Bxc5 10. Bg5 d4 11. Bxf6 Qxf6 12. Nd5 Qd8 13. Nd2 Bh3 14. Bxh3
Qxd5 15. Bg2 Qe6 16. Rc1 Bb6 17. Nc4 Rad8 18. Nxb6 axb6 19. a3 Rfe8 20. Re1 Re7
21. Qd3 h5 22. h4 g6 23. Kf1 Ne5 24. Qe4 Qf6 25. Qf4 Qd6 26. Red1 Re6 27. Kg1
Rf6 28. Qe4 Ng4 29. Bf3 Ne5 30. Qxb7 d3 31. Qe4 Nxf3+ 32. exf3 Re6 33. Qb4 Qxb4
34. axb4 Re2 35. b3 Rb2 36. Rc3 d2 37. Kf1 Rd4 38. f4 Rxb4 39. f5 gxf5 40. Rf3
f4 41. gxf4 R4xb3 42. Rxb3 Rxb3 43. Rxd2 Rb5 44. Ke2 Kg7 45. Rd6 f6 46. Ke3 Kg6
47. Ke4 Rb4+ 48. Kf3 Rb3+ 49. Ke4 Rb4+ 1/2-1/2

[Event "51st National Challengers (National â€˜Bâ€™) Chess Cha"]
[Site "Bhopal, Madhya Pradesh-India"]
[Date "2013.10.18"]
[Round "9"]
[Board "21"]
[White "Babu, N Sudhakar"]
[Black "Sekar, B"]
[Result "1-0"]
[WhiteElo "2262"]
[BlackElo "2149"]
[PlyCount "61"]
[EventDate "2013.10.12"]
[EventRounds "13"]
[EventCountry "IND"]

1. d4 Nf6 2. Nf3 e6 3. e3 d5 4. Nbd2 c5 5. c3 Nc6 6. Bd3 Bd6 7. dxc5 Bxc5 8.
O-O O-O 9. e4 dxe4 10. Nxe4 Be7 11. Qe2 Qc7 12. Re1 Rd8 13. Bc2 b6 14. Nxf6+
Bxf6 15. Qe4 g6 16. Bf4 e5 17. Nxe5 Bxe5 18. Bxe5 Nxe5 19. Qxe5 Qxe5 20. Rxe5
Be6 21. b3 Rd2 22. Rc1 Kg7 23. Kf1 Rc8 24. Ke1 Rd6 25. Re3 a5 26. Be4 a4 27. c4
Kf6 28. Rd1 Rcd8 29. Rxd6 Rxd6 30. Ke2 Rd7 31. Bc6 1-0

[Event "51st National Challengers (National â€˜Bâ€™) Chess Cha"]
[Site "Bhopal, Madhya Pradesh-India"]
[Date "2013.10.18"]
[Round "9"]
[Board "22"]
[White "Karthikeyan, Murali"]
[Black "Negi, Virender Singh"]
[Result "1-0"]
[WhiteElo "2444"]
[BlackElo "2094"]
[PlyCount "78"]
[EventDate "2013.10.12"]
[EventRounds "13"]
[EventCountry "IND"]

1. e4 c5 2. Nf3 d6 3. Nc3 Nf6 4. d4 cxd4 5. Nxd4 a6 6. Be3 e5 7. Nb3 Be6 8. f3
Be7 9. Qd2 O-O 10. O-O-O a5 11. Bb5 Na6 12. Kb1 Qb8 13. g4 Nc7 14. a4 Rc8 15.
Bg5 Nxb5 16. Nxb5 Ra6 17. h4 Rc4 18. Nc3 Qc7 19. Nc1 Qc6 20. N1a2 Kf8 21. b3
Rd4 22. Qe2 Rxd1+ 23. Rxd1 Ra8 24. Bxf6 Bxf6 25. g5 Be7 26. Nd5 Bxd5 27. Rxd5
g6 28. Qd2 Qb6 29. Rb5 Qg1+ 30. Kb2 Qd4+ 31. Qxd4 exd4 32. Rxb7 h6 33. Rb5 hxg5
34. hxg5 f5 35. exf5 Bxg5 36. b4 axb4 37. Kb3 Rc8 38. fxg6 Bd2 39. Rd5 Re8 1-0

[Event "51st National Challengers (National â€˜Bâ€™) Chess Cha"]
[Site "Bhopal, Madhya Pradesh-India"]
[Date "2013.10.18"]
[Round "9"]
[Board "23"]
[White "Prasannaa.S, "]
[Black "Sengupta, Deep"]
[Result "0-1"]
[WhiteElo "2171"]
[BlackElo "2589"]
[PlyCount "90"]
[EventDate "2013.10.12"]
[EventRounds "13"]
[EventCountry "IND"]

1. d4 d5 2. c4 dxc4 3. e3 Nf6 4. Bxc4 e6 5. Nf3 a6 6. O-O Nbd7 7. Bb3 c5 8. Qe2
b5 9. e4 Bb7 10. e5 Nd5 11. dxc5 Nxc5 12. Rd1 Nxb3 13. axb3 Be7 14. Nc3 O-O 15.
Ne4 h6 16. Be3 Rc8 17. Rac1 Nxe3 18. Qxe3 Rxc1 19. Rxc1 Qd5 20. Ned2 Rd8 21.
Rc2 Bg5 22. Qe1 Rd7 23. h3 Bf4 24. b4 h5 25. h4 Qd3 26. Rc3 Qf5 27. g3 Bh6 28.
Qe2 g6 29. Nb3 Qb1+ 30. Ne1 Rd1 31. Kf1 Bd5 32. f4 Bc4 33. Rxc4 bxc4 34. Nd2
Qc1 35. Ne4 Bf8 36. Nc5 a5 37. Qe4 axb4 38. Na4 Qd2 39. Qe2 Qd4 40. Qf2 Qxf2+
41. Kxf2 Ra1 42. b3 Rxa4 43. bxa4 b3 44. Nf3 c3 45. Ke2 b2 0-1

[Event "51st National Challengers (National â€˜Bâ€™) Chess Cha"]
[Site "Bhopal, Madhya Pradesh-India"]
[Date "2013.10.18"]
[Round "9"]
[Board "24"]
[White "Sangma, Rahul"]
[Black "Muralidharan, M.B."]
[Result "1-0"]
[WhiteElo "2394"]
[BlackElo "2200"]
[PlyCount "83"]
[EventDate "2013.10.12"]
[EventRounds "13"]
[EventCountry "IND"]

1. e4 e5 2. Nf3 Nc6 3. Bb5 a6 4. Ba4 d6 5. c3 Bd7 6. O-O g6 7. d4 Bg7 8. Re1
Nge7 9. dxe5 dxe5 10. Na3 O-O 11. Nc2 h6 12. Be3 b6 13. Qd2 Kh7 14. Nb4 Nxb4
15. Bxd7 Nc2 16. Qxc2 Qxd7 17. a4 Qc6 18. a5 f5 19. exf5 gxf5 20. axb6 cxb6 21.
Bf4 e4 22. Be5 Rf7 23. Nd4 Qg6 24. Bxg7 Rxg7 25. g3 Nd5 26. f3 Re8 27. fxe4
fxe4 28. Kh1 a5 29. Re2 Kh8 30. Qb3 Re5 31. Qc2 Nf6 32. Rf1 Rh5 33. Ne6 Rf5 34.
Ref2 Rxf2 35. Qxf2 Ng4 36. Qxb6 e3 37. Qd8+ Rg8 38. Qd4+ Kh7 39. Qd7+ Kh8 40.
Qd4+ Kh7 41. Nf8+ Rxf8 42. Rxf8 1-0

[Event "51st National Challengers (National â€˜Bâ€™) Chess Cha"]
[Site "Bhopal, Madhya Pradesh-India"]
[Date "2013.10.18"]
[Round "9"]
[Board "26"]
[White "Dhulipala, Bala Chandra Prasad"]
[Black "Konguvel, Ponnuswamy"]
[Result "1/2-1/2"]
[WhiteElo "2139"]
[BlackElo "2366"]
[PlyCount "42"]
[EventDate "2013.10.12"]
[EventRounds "13"]
[EventCountry "IND"]

1. d4 Nf6 2. Bf4 g6 3. e3 Bg7 4. Nf3 d6 5. h3 O-O 6. Be2 c5 7. c3 b6 8. O-O Bb7
9. Nbd2 Nbd7 10. a4 a6 11. Bh2 Ra7 12. Bd3 Qa8 13. Qe2 Ne4 14. Bxe4 Bxe4 15.
Nxe4 Qxe4 16. Nd2 Qc2 17. Rfc1 Qf5 18. e4 Qf6 19. Nf3 Bh6 20. Rd1 Bf4 21. Bxf4
Qxf4 1/2-1/2

[Event "51st National Challengers (National â€˜Bâ€™) Chess Cha"]
[Site "Bhopal, Madhya Pradesh-India"]
[Date "2013.10.18"]
[Round "9"]
[Board "28"]
[White "Chakravarthi Reddy, M"]
[Black "Padmini, Rout"]
[Result "0-1"]
[WhiteElo "2123"]
[BlackElo "2330"]
[PlyCount "70"]
[EventDate "2013.10.12"]
[EventRounds "13"]
[EventCountry "IND"]

1. d4 Nf6 2. Nf3 g6 3. Nc3 d5 4. Bf4 Bg7 5. e3 O-O 6. Be2 c5 7. Ne5 b6 8. h4 h5
9. Qd2 c4 10. Nxc4 Nc6 11. Ne5 Bb7 12. O-O-O Rc8 13. g4 Nxe5 14. Bxe5 Nxg4 15.
Bxg4 hxg4 16. Bxg7 Kxg7 17. h5 Rh8 18. hxg6 fxg6 19. Rhg1 Qd7 20. Rg2 Qf5 21.
Rdg1 Rh4 22. Ne2 Rch8 23. Nf4 Rh1 24. Qd1 Rxg1 25. Rxg1 Bc8 26. f3 e5 27. dxe5
Qxe5 28. Nxd5 Bb7 29. Nc3 Qxe3+ 30. Kb1 Bxf3 31. Qd7+ Kf6 32. Qxg4 Bxg4 33.
Nd5+ Ke5 34. Nxe3 Bf3 35. Kc1 Kf4 0-1

[Event "51st National Challengers (National â€˜Bâ€™) Chess Cha"]
[Site "Bhopal, Madhya Pradesh-India"]
[Date "2013.10.18"]
[Round "9"]
[Board "29"]
[White "Lahiri, Atanu"]
[Black "Sinha, Santosh Kumar"]
[Result "1-0"]
[WhiteElo "2325"]
[BlackElo "2188"]
[PlyCount "105"]
[EventDate "2013.10.12"]
[EventRounds "13"]
[EventCountry "IND"]

1. d4 Nf6 2. c4 c6 3. Nc3 d5 4. cxd5 Nxd5 5. e4 Nb6 6. h3 g6 7. Nf3 Bg7 8. Be2
Be6 9. O-O Bc4 10. Bxc4 Nxc4 11. Qb3 Nb6 12. a4 a5 13. Be3 N8d7 14. e5 e6 15.
Bg5 Qc7 16. Rac1 O-O 17. Be7 Qb8 18. Bxf8 Bxf8 19. Ne4 Nd5 20. Nc5 Nxc5 21.
dxc5 Qa7 22. Qc4 Bh6 23. Rc2 Nb4 24. Qh4 Bf8 25. Rc4 Nd3 26. Ng5 h5 27. Nxf7 b5
28. Rc3 Nxb2 29. Nd6 Nxa4 30. Rg3 Qg7 31. Ne4 Be7 32. Nf6+ Kh8 33. Qe4 Nxc5 34.
Qxc6 Rb8 35. Qc7 Rb7 36. Qxa5 Bxf6 37. exf6 Qxf6 38. Rc1 Nd7 39. Qa8+ Rb8 40.
Rc8+ Rxc8 41. Qxc8+ Nf8 42. Rf3 Qxf3 43. gxf3 Kg8 44. Kg2 b4 45. Kg3 b3 46. Kf4
b2 47. Qb8 b1=Q 48. Qxb1 Kf7 49. Kg5 Nh7+ 50. Kh6 Nf8 51. Qb7+ Ke8 52. Kg7 Nd7
53. Kxg6 1-0

[Event "51st National Challengers (National â€˜Bâ€™) Chess Cha"]
[Site "Bhopal, Madhya Pradesh-India"]
[Date "2013.10.18"]
[Round "9"]
[Board "30"]
[White "Gusain, Himal"]
[Black "Bartakke, Amardeep S."]
[Result "1-0"]
[WhiteElo "2307"]
[BlackElo "2149"]
[PlyCount "43"]
[EventDate "2013.10.12"]
[EventRounds "13"]
[EventCountry "IND"]

1. e4 c5 2. d4 cxd4 3. c3 d5 4. exd5 Qxd5 5. cxd4 Nc6 6. Nf3 Bg4 7. Nc3 Qa5 8.
Bb5 e6 9. d5 O-O-O 10. Bxc6 bxc6 11. h3 Bxf3 12. Qxf3 exd5 13. O-O Nf6 14. Bg5
Be7 15. b4 Bxb4 16. Rfc1 Rd6 17. Rab1 Ba3 18. Nb5 Bxc1 19. Nxd6+ Kc7 20. Rxc1
Kxd6 21. Bxf6 Re8 22. Bc3 1-0

[Event "51st National Challengers (National â€˜Bâ€™) Chess Cha"]
[Site "Bhopal, Madhya Pradesh-India"]
[Date "2013.10.19"]
[Round "10"]
[Board "1"]
[White "Thejkumar, M. S."]
[Black "Swayams, Mishra"]
[Result "1-0"]
[WhiteElo "2421"]
[BlackElo "2434"]
[PlyCount "87"]
[EventDate "2013.10.12"]
[EventRounds "13"]
[EventCountry "IND"]

1. Nf3 e6 2. c4 b6 3. g3 Bb7 4. Bg2 Nf6 5. O-O c5 6. Nc3 Nc6 7. d4 Nxd4 8. Nxd4
Bxg2 9. Nxe6 fxe6 10. Kxg2 d5 11. cxd5 exd5 12. e4 dxe4 13. Nxe4 Qxd1 14. Nxf6+
gxf6 15. Rxd1 Be7 16. Bf4 Rd8 17. Rxd8+ Kxd8 18. Rd1+ Kc8 19. Rd5 Rd8 20. Rh5
Rh8 21. Kf3 Kd7 22. Ke4 Ke6 23. f3 Rd8 24. Be3 Rd1 25. g4 Rb1 26. f4 Rxb2 27.
f5+ Kf7 28. Rxh7+ Ke8 29. h4 Rg2 30. g5 fxg5 31. hxg5 Bxg5 32. Rg7 Bxe3 33.
Rxg2 Bd4 34. Rg8+ Kf7 35. Rb8 Kf6 36. a4 Be5 37. Ra8 c4 38. Rc8 Bh2 39. Rxc4
Ke7 40. Rc6 Kf7 41. Rh6 Bb8 42. Rh7+ Kf6 43. Rb7 Bh2 44. Rxa7 1-0

[Event "51st National Challengers (National â€˜Bâ€™) Chess Cha"]
[Site "Bhopal, Madhya Pradesh-India"]
[Date "2013.10.19"]
[Round "10"]
[Board "3"]
[White "Lalith, Babu M.R."]
[Black "Ashwin, Jayaram"]
[Result "0-1"]
[WhiteElo "2583"]
[BlackElo "2461"]
[PlyCount "84"]
[EventDate "2013.10.12"]
[EventRounds "13"]
[EventCountry "IND"]

1. d4 Nf6 2. c4 e6 3. Nf3 b6 4. g3 Bb4+ 5. Bd2 Bxd2+ 6. Qxd2 Ba6 7. Qc2 c5 8.
Bg2 Bb7 9. O-O cxd4 10. Nxd4 Bxg2 11. Kxg2 Qc7 12. Na3 a6 13. Rfd1 O-O 14. e4
Rc8 15. Nf3 Qb7 16. e5 Ng4 17. Qe2 Rc5 18. Kh3 f5 19. b4 Rc7 20. Rd6 Nc6 21.
Rb1 Nd8 22. Rb3 Nf7 23. Rd4 h6 24. Rbd3 g6 25. Nc2 Ngxe5 26. Qxe5 Nxe5 27. Nxe5
g5 28. f3 Rd8 29. Rd6 Kg7 30. Nd4 Re8 31. Nxd7 g4+ 32. Kh4 gxf3 33. Nxf3 Qe4+
34. Kh3 Qg4+ 35. Kg2 Rxc4 36. Rd2 Qe4 37. Nde5 Rc2 38. Rd7+ Kg8 39. Rxc2 Qxc2+
40. Kh3 Qe4 41. Nf7 Re7 42. Rxe7 Kf8 0-1

[Event "51st National Challengers (National â€˜Bâ€™) Chess Cha"]
[Site "Bhopal, Madhya Pradesh-India"]
[Date "2013.10.19"]
[Round "10"]
[Board "4"]
[White "Vishnu, Prasanna. V"]
[Black "Sethuraman, S.P."]
[Result "1/2-1/2"]
[WhiteElo "2496"]
[BlackElo "2566"]
[PlyCount "47"]
[EventDate "2013.10.12"]
[EventRounds "13"]
[EventCountry "IND"]

1. c4 Nf6 2. Nc3 c5 3. Nf3 b6 4. g3 Bb7 5. Bg2 g6 6. O-O Bg7 7. d3 O-O 8. e4
Nc6 9. h3 e6 10. Be3 d5 11. exd5 exd5 12. d4 cxd4 13. Nxd4 Ne5 14. b3 Qd7 15.
Bf4 Rae8 16. Re1 Nc6 17. Nxc6 Bxc6 18. Nxd5 Bxd5 19. cxd5 Nh5 20. Rc1 Nxf4 21.
gxf4 Rxe1+ 22. Qxe1 Re8 23. Qd1 Bf8 24. Qg4 1/2-1/2

[Event "51st National Challengers (National â€˜Bâ€™) Chess Cha"]
[Site "Bhopal, Madhya Pradesh-India"]
[Date "2013.10.19"]
[Round "10"]
[Board "5"]
[White "Ravi, Teja S."]
[Black "Adhiban, B."]
[Result "0-1"]
[WhiteElo "2285"]
[BlackElo "2587"]
[PlyCount "70"]
[EventDate "2013.10.12"]
[EventRounds "13"]
[EventCountry "IND"]

1. d4 Nf6 2. Nf3 e6 3. c3 c5 4. a3 Nc6 5. b4 b6 6. Bg5 Bb7 7. Nbd2 h6 8. Bxf6
gxf6 9. Rb1 cxd4 10. cxd4 f5 11. e3 a5 12. bxa5 Nxa5 13. Ne5 Nc6 14. Ndc4 Nxe5
15. Nxe5 Bxa3 16. Qh5 Qe7 17. Bb5 Rd8 18. O-O Bd6 19. Be2 Bxe5 20. dxe5 Qc5 21.
Bf3 Bxf3 22. Qxf3 Qxe5 23. Rxb6 O-O 24. Qh5 Kg7 25. Rd1 d5 26. Rb4 Rb8 27. Rh4
Qf6 28. Rf4 Rfc8 29. Qf3 Qg6 30. Kh1 Rc4 31. Rfd4 Rbb4 32. Qe2 Qf6 33. Qd2 Ra4
34. f4 Ra3 35. Re1 Rxe3 0-1

[Event "51st National Challengers (National â€˜Bâ€™) Chess Cha"]
[Site "Bhopal, Madhya Pradesh-India"]
[Date "2013.10.19"]
[Round "10"]
[Board "6"]
[White "Kunte, Abhijit"]
[Black "Stany, G.A."]
[Result "1/2-1/2"]
[WhiteElo "2487"]
[BlackElo "2388"]
[PlyCount "39"]
[EventDate "2013.10.12"]
[EventRounds "13"]
[EventCountry "IND"]

1. Nf3 Nf6 2. g3 b6 3. d4 Bb7 4. c4 e6 5. Bg2 Bb4+ 6. Nbd2 Ne4 7. O-O Nxd2 8.
Bxd2 Bxd2 9. Qxd2 d6 10. Rac1 Nd7 11. b4 O-O 12. Rfd1 Qe7 13. c5 Bd5 14. Qc2 f5
15. Ne1 Nf6 16. a3 b5 17. cxd6 cxd6 18. Qc7 Qxc7 19. Rxc7 Rfc8 20. Rdc1 1/2-1/2

[Event "51st National Challengers (National â€˜Bâ€™) Chess Cha"]
[Site "Bhopal, Madhya Pradesh-India"]
[Date "2013.10.19"]
[Round "10"]
[Board "7"]
[White "Ravichandran, Siddharth"]
[Black "Deepan, Chakkravarthy J."]
[Result "1/2-1/2"]
[WhiteElo "2372"]
[BlackElo "2476"]
[PlyCount "94"]
[EventDate "2013.10.12"]
[EventRounds "13"]
[EventCountry "IND"]

1. e4 e5 2. Nf3 Nc6 3. Bc4 Bc5 4. c3 Nf6 5. d4 exd4 6. cxd4 Bb4+ 7. Bd2 Bxd2+
8. Nbxd2 d5 9. exd5 Nxd5 10. O-O O-O 11. Rc1 Nb6 12. Bb3 Bg4 13. h3 Bh5 14. Rc5
Bg6 15. Qc1 a5 16. a3 a4 17. Ba2 Nxd4 18. Nxd4 Qxd4 19. Nf3 Qf6 20. Rxc7 Rac8
21. b4 Rxc7 22. Qxc7 Qb2 23. Qxb6 Qxa2 24. Qe3 h6 25. Rc1 Rd8 26. Rc3 Qb2 27.
Kh2 Kh7 28. Nd4 Rd6 29. h4 Rd5 30. Nf3 Rd6 31. Nd4 Rf6 32. f3 Rd6 33. f4 Bb1
34. h5 Rd5 35. f5 b6 36. Rc4 Rd6 37. Qe5 Rf6 38. Qe3 Bxf5 39. Nxf5 Rxf5 40. Qd3
Qe5+ 41. Kg1 g6 42. hxg6+ Kg7 43. Re4 Qa1+ 44. Kh2 Rh5+ 45. Kg3 Rg5+ 46. Kh2
Rxg6 47. b5 Rg5 1/2-1/2

[Event "51st National Challengers (National â€˜Bâ€™) Chess Cha"]
[Site "Bhopal, Madhya Pradesh-India"]
[Date "2013.10.19"]
[Round "10"]
[Board "8"]
[White "Swapnil, S. Dhopade"]
[Black "Laxman, R.R."]
[Result "1/2-1/2"]
[WhiteElo "2471"]
[BlackElo "2424"]
[PlyCount "35"]
[EventDate "2013.10.12"]
[EventRounds "13"]
[EventCountry "IND"]

1. d4 Nf6 2. c4 e6 3. Nf3 b6 4. g3 Bb7 5. Bg2 g6 6. O-O Bg7 7. Qc2 O-O 8. Nc3
d5 9. Ne5 c6 10. Rd1 Nfd7 11. e4 Nxe5 12. dxe5 d4 13. f4 c5 14. Na4 Bc6 15. b3
Qc7 16. Nb2 Nd7 17. Nd3 Qb7 18. Re1 1/2-1/2

[Event "51st National Challengers (National â€˜Bâ€™) Chess Cha"]
[Site "Bhopal, Madhya Pradesh-India"]
[Date "2013.10.19"]
[Round "10"]
[Board "9"]
[White "Neelotpal, Das"]
[Black "Babu, N Sudhakar"]
[Result "1/2-1/2"]
[WhiteElo "2455"]
[BlackElo "2262"]
[PlyCount "42"]
[EventDate "2013.10.12"]
[EventRounds "13"]
[EventCountry "IND"]

1. e4 e5 2. Nf3 Nc6 3. Bb5 a6 4. Ba4 Nf6 5. O-O Be7 6. d3 d6 7. c4 O-O 8. h3
Nd7 9. Nc3 Nc5 10. Bc2 Ne6 11. Be3 Nb4 12. Bb1 c5 13. a3 Nc6 14. Nd5 a5 15. Bc2
Nc7 16. Nb6 Rb8 17. Nxc8 Qxc8 18. Ba4 Ne6 19. Rb1 Qe8 20. Bd2 Ra8 21. Nh2 Bg5
1/2-1/2

[Event "51st National Challengers (National â€˜Bâ€™) Chess Cha"]
[Site "Bhopal, Madhya Pradesh-India"]
[Date "2013.10.19"]
[Round "10"]
[Board "10"]
[White "Gagare, Shardul"]
[Black "Sagar, Shah"]
[Result "1/2-1/2"]
[WhiteElo "2443"]
[BlackElo "2373"]
[PlyCount "94"]
[EventDate "2013.10.12"]
[EventRounds "13"]
[EventCountry "IND"]

1. c4 e5 2. g3 Nf6 3. Bg2 d5 4. cxd5 Nxd5 5. Nc3 Nb6 6. Nf3 Nc6 7. O-O Be7 8.
a3 O-O 9. b4 Re8 10. Rb1 Bf8 11. d3 Nd4 12. Nd2 c6 13. e3 Nb5 14. Qc2 Bg4 15.
Re1 Nxc3 16. Qxc3 Qd7 17. Ne4 Na4 18. Qc2 b5 19. Nc3 Nxc3 20. Qxc3 Rac8 21. Bb2
c5 22. bxc5 Bxc5 23. Qd2 Bf5 24. Red1 f6 25. Bc3 a6 26. Bb4 Bb6 27. Rbc1 Rxc1
28. Rxc1 Rc8 29. Rxc8+ Qxc8 30. d4 e4 31. h3 h5 32. Qa2+ Be6 33. Qe2 f5 34.
Qxh5 a5 35. Bd6 Qd7 36. Be5 b4 37. axb4 axb4 38. Qg6 Qf7 39. Qg5 b3 40. d5 Bxd5
41. g4 Be6 42. h4 Bc5 43. gxf5 Bxf5 44. Bxg7 Be7 45. Bf6+ Qg6 46. Qxg6+ Bxg6
47. Bb2 Bxh4 1/2-1/2